Normal view
MARC view
- Hasen, Hans.
Entry Personal Name
001 - CONTROL NUMBER
- control field: 3543
003 - CONTROL NUMBER IDENTIFIER
- control field: NUST
005 - DATE AND TIME OF LATEST TRANSACTION
- control field: 20170721163404.0
008 - FIXED-LENGTH DATA ELEMENTS
- fixed length control field: 170721|| aca||aabn | a|a d
040 ## - CATALOGING SOURCE
- Original cataloging agency: NUST
- Transcribing agency: NUST
100 ## - HEADING--PERSONAL NAME
- Personal name: Hasen, Hans.
670 ## - SOURCE DATA FOUND
- Source citation: Work cat.: (NUST)0: Davis' handbook of applied hydraulics /, c1993.
